|
|
|
|
| LEADER |
00703cam a2200217 7i4500 |
| 001 |
0000003763 |
| 005 |
20170218090000.0 |
| 020 |
|
|
|a 0273651560 (pbk.)
|
| 020 |
|
|
|a 9780273651567
|
| 090 |
0 |
0 |
|a HF5635
|b .E45 2001
|
| 100 |
1 |
|
|a Elliott, Barry
|
| 245 |
1 |
0 |
|a Financial accounting & reporting
|c Barry Elliott and Jamie Elliott.
|
| 246 |
3 |
|
|a Financial accounting and reporting.
|
| 250 |
|
|
|a 5th ed.
|
| 260 |
|
|
|a Harlow, England:
|b Financial Times/Prentice Hall,
|c 2001.
|
| 300 |
|
|
|a xx, 865 p.:
|b ill.;
|c 25 cm.
|
| 650 |
0 |
0 |
|a Accounting
|
| 650 |
0 |
0 |
|a Financial statements
|
| 700 |
1 |
|
|a Elliott, Jamie
|
| 997 |
|
|
|a Business & Accountancy, Faculty
|
| 999 |
|
|
|a 0000001848
|b BOK
|c OPEN SHELF
|e 1st Floor, Shah Alam
|